Google Maps Cities - Slovenia - Statistics

General Stats
  • This quiz has been taken 34 times
  • The average score is 9 of 12
Answer Stats
City % Correct
Ljubljana
100%
Maribor
100%
Koper
96%
Celje
92%
Novo Mesto
88%
Velenje
76%
Murska Sobota
72%
Ptuj
64%
Bled
56%
Slovenj Gradec
48%
Kocevje
40%
Slovenska Bystrica
36%
No matching quizzes found
Score Distribution
Percent of People with Each Score
Percentile by Number Answered
Your Score History
You have not taken this quiz